| 000 | 00870nam a2200229Ia 4500 | ||
|---|---|---|---|
| 001 | L262-19468 | ||
| 003 | IT-CnALBA | ||
| 008 | 170116s9999||||xx |||||||||||||| ||und|| | ||
| 040 |
_aIT-CnALBA _cIT-CnALBA |
||
| 041 | _aITALIANO | ||
| 100 | _aPIO XII, PAPA PACELLI EUGENIO. | ||
| 245 | 0 | _aL'ARTE CINEMATOGRAFICA. DIRETTIVE E NORME AI RAPPRESENTANTI DELL'INDUSTRIA CINEMATOGRAFICA ITALIANA. 1955. | |
| 250 | _a1a ed. | ||
| 260 |
_aCINISELLO BALSAMO (MI) _bEDIZIONI PAOLINE _c1965 [1° Ed.:1965 - Ed.Ling.Originale: 1965] |
||
| 300 | _a14 p. | ||
| 500 | _aIMPORTANZA DEL CINEMA ARTISTICO. IL FILM IDEALE. | ||
| 501 | _aSocietà San Paolo EM - Piazza San Paolo, 14 - 12051 ALBA (CN) (non commercial uses only) ® Copyright 2017 | ||
| 520 | _aIMPORTANZA DEL CINEMA ARTISTICO. IL FILM IDEALE. | ||
| 650 | _aECCLESIOLOGIA | ||
| 942 | _cBK | ||
| 957 | _71 | ||
| 999 |
_a24207 _bNO _g Copie: 1 _c278589 _d278589 |
||